Indian Ocean in global politics (Record no. 489011)

MARC details
000 -LEADER
fixed length control field 00874nam a2200289Ia 4500
003 - CONTROL NUMBER IDENTIFIER
control field OSt
005 - DATE AND TIME OF LATEST TRANSACTION
control field 20220925173753.0
008 - FIXED-LENGTH DATA ELEMENTS--GENERAL INFORMATION
fixed length control field 220923b |||||||| |||| 00| 0 eng d
020 ## - INTERNATIONAL STANDARD BOOK NUMBER
International Standard Book Number 0855641827
037 ## - SOURCE OF ACQUISITION
Terms of availability General Book
040 ## - CATALOGING SOURCE
Original cataloging agency RTL
Transcribing agency RTL
Language of cataloging eng
041 ## - LANGUAGE CODE
Source of code eng
Language code of text/sound track or separate title eng
100 ## - MAIN ENTRY--PERSONAL NAME
Personal name Bowman Larry W Ed.
9 (RLIN) 244942
245 #0 - TITLE STATEMENT
Title Indian Ocean in global politics
260 ## - PUBLICATION, DISTRIBUTION, ETC.
Place of publication, distribution, etc. Boulder
Name of publisher, distributor, etc. Westview Press
Date of publication, distribution, etc. 1981
300 ## - PHYSICAL DESCRIPTION
Extent xi, 260p.
Dimensions cm.
490 ## - SERIES STATEMENT
Series statement Westviews Special Studies in International Relations
500 ## - GENERAL NOTE
General note Bibliography p.249-51
650 ## - SUBJECT ADDED ENTRY--TOPICAL TERM
Topical term or geographic name entry element History
650 ## - SUBJECT ADDED ENTRY--TOPICAL TERM
Topical term or geographic name entry element Foreign Policy-World
9 (RLIN) 232882
700 ## - ADDED ENTRY--PERSONAL NAME
Personal name Clark Ian Ed.
9 (RLIN) 244943
942 ## - ADDED ENTRY ELEMENTS (KOHA)
Classification part V1:19(zA).95.N7, M1
Koha item type General Books
Source of classification or shelving scheme Colon Classification (CC)
Holdings
Withdrawn status Lost status Damaged status Not for loan Home library Current library Date acquired Total Checkouts Full call number Barcode Date last seen Price effective from Koha item type
        Ratan Tata Library Ratan Tata Library 2022-09-25   V1:19(zA).95.N7 M1 RT0721761 2022-09-25 2022-09-25 General Books
Copyright @ Delhi University Library System